00421nam a2200121Ia 4500008004100000082001100041245006400052250000600116260004200122300000700164630006400171730006400235090124s9999 xx 000 0 und d b206618 a आधुनिक विभूतियाँ भाग 1 a1 bकुमार संजीवc2004 a64 a आधुनिक विभूतियाँ भाग 1 a आधुनिक विभूतियाँ भाग 1